| 000 -ლიდერი |
| ფიქსირებული სიგრძის საკონტროლო ველი |
02365nam a2200337Ia 4500 |
| 001 - საკონტროლო ნომერი |
| საკონტროლო ველი |
5766 |
| 003 - საკონტროლო ნომრის იდენტიფიკატორი |
| საკონტროლო ველი |
GE_BSU |
| 005 - ბოლო ოპერაციის თარიღი და დრო |
| საკონტროლო ველი |
20191028124603.0 |
| 008 - ფიქსირებული სიგრძის მონაცემთა ელემენტები - ზოგადი ინფორმაცია |
| ფიქსირებული სიგრძის საკონტროლო ველი |
181216s2012||||ge |||||||||||||| ||geo|| |
| 040 ## - კატალოგიზაციის წყარო |
| Transcribing agency |
GE_BSU |
| 041 ## - ენის კოდი |
| Language code of text/sound track or separate title |
geo |
| 080 ## - უნივერსალური ათობითი კლასიფიკაციის ინდექსი |
| Universal Decimal Classification number |
811.353.2'366 მ-29 |
| 100 ## - მთავარი ჩანაწერი - პიროვნების სახელი |
| Personal name |
მარგიანი-სუბარი, ქეთევან |
| 9 (RLIN) |
12 |
| 245 ## - ცნობა სათაურის შესახებ |
| Title |
ევიდენციალობის კატეგორია სვანურ ენაში = Category of evidentiality in svan = Категория эвиденциальности в сванском языке : |
| Remainder of title |
მონოგრაფია / |
| Statement of responsibility, etc |
ქეთევან მარგიანი-სუბარი ; რედ.: ავთანდილ არაბული[და სხვ. ; ინგლ. ტექსტის მთარგმნ. და რედ. ანა მესხი ; რუს. ტექსტის მთარგმნ. და რედ.: მაია აბალაკი და სხვ. |
| 264 ## - წარმოების, გამოცემის, დისტრიბუციის და სხვა ცნობები |
| გამოცემის, წარმოების, დისტრიბუციის... ადგილი |
თბილისი, |
| გამოცემის, წარმოების, დისტრიბუციის... სახელწოდება |
გლობალ-პრინტი+, |
| გამოცემის, წარმოების, დისტრიბუციის... თარიღი |
2012 |
| 300 ## - ფიზიკური აღწერა |
| Extent |
315 გვ. ; |
| Other physical details |
22 სმ. |
| 501 ## - შენიშვნა თანმხლებ მასალაზე |
| With note |
სიტყვაფორმათა და ფორმანტთა საძიებელი: 285-316. |
| 504 ## - BIBLIOGRAPHY, ETC. NOTE |
| Bibliography, etc |
ბიბლიოგრ.: გვ. 274-283. |
| 520 ## - SUMMARY, ETC. |
| Summary, etc |
რეზ. ინგლ. და რუს.. |
| 653 ## - INDEX TERM--UNCONTROLLED |
| Uncontrolled term |
სვანური ენის გრამატიკა |
| 653 ## - INDEX TERM--UNCONTROLLED |
| Uncontrolled term |
სვანური ენა |
| 700 ## - ADDED ENTRY--PERSONAL NAME |
| Personal name |
არაბული, ავთანდილ |
| Relator term |
რედაქტორი |
| 9 (RLIN) |
316 |
| 700 ## - ADDED ENTRY--PERSONAL NAME |
| Personal name |
ჩანტლაძე, იზა |
| Relator term |
რედაქტორი |
| 9 (RLIN) |
14 |
| 700 ## - ADDED ENTRY--PERSONAL NAME |
| Personal name |
ტოფაძე, მანანა |
| Relator term |
რედაქტორი |
| 9 (RLIN) |
5027 |
| 700 ## - ADDED ENTRY--PERSONAL NAME |
| Personal name |
მესხი, ანა |
| Relator term |
მთარგმ.-რედაქტორი |
| 9 (RLIN) |
6 |
| 700 ## - ADDED ENTRY--PERSONAL NAME |
| Personal name |
აბალაკი, მაია |
| Relator term |
მთარგმნ.-რედაქტორი |
| 9 (RLIN) |
5028 |
| 700 ## - ADDED ENTRY--PERSONAL NAME |
| Personal name |
საბანაძე, ეთერ |
| Relator term |
მთარგმნ.-რედაქტორი |
| 9 (RLIN) |
5029 |
| 710 ## - ADDED ENTRY--CORPORATE NAME |
| Corporate name or jurisdiction name as entry element |
ივ. ჯავახიშვილის სახ. თბილ. სახელმწ. უნ-ტი |
| 9 (RLIN) |
662 |
| 710 ## - ADDED ENTRY--CORPORATE NAME |
| Corporate name or jurisdiction name as entry element |
არნ. ჩიქობავას სახ. ენათმეცნ. ინ-ტი. |
| 9 (RLIN) |
1996 |
| 942 ## - ADDED ENTRY ELEMENTS (KOHA) |
| Koha item type |
წიგნი |
| Source of classification or shelving scheme |
|